| 000 | 00582nam a2200181Ia 4500 | ||
|---|---|---|---|
| 003 | IN-BaIIA | ||
| 008 | 211028s9999 xx 000 0 eng d | ||
| 040 | _cIIA Library | ||
| 080 |
_a535 _bMEH |
||
| 100 |
_aMehalek, G. M _911100 |
||
| 245 | 0 |
_aDetection aspects of an optical matched filter image correlator (ADA 040428) _cG. M. Mehalek |
|
| 260 |
_bGrumman Aerospace _c1977 |
||
| 300 | _a33p. | ||
| 650 |
_aAerial reconnaisance _911101 |
||
| 650 |
_aImage correlator _911102 |
||
| 650 |
_aOptical matched filters _911103 |
||
| 942 | _cBK | ||
| 999 |
_c6467 _d6467 |
||